Principios de economía
Kaydedildi:
| Yazar: | |
|---|---|
| Materyal Türü: | Kitap |
| Dil: | İspanyolca |
| Baskı/Yayın Bilgisi: |
Madrid
McGraw-Hill Interamericana
2004
|
| Edisyon: | 3a. ed |
| Konular: | |
| Etiketler: |
Etiketle
Etiket eklenmemiş, İlk siz ekleyin!
|
MARC
| LEADER | 00000nam a2200000 a 4500 | ||
|---|---|---|---|
| 001 | UCK4335 | ||
| 003 | CL-VaPUC | ||
| 008 | 050603e20040000SP |||||||||||||||||spa|d | ||
| 020 | |a 8448141563 | ||
| 082 | 0 | 4 | |a 330 |b MAN |2 21 |
| 100 | |a Mankiw, N. Gregory |e autor |9 861929 | ||
| 245 | 1 | 0 | |a Principios de economía |
| 250 | |a 3a. ed | ||
| 300 | |a 535 p | ||
| 942 | |c BK | ||
| 945 | |d 20050603 00:00:00 |a cmena | ||
| 260 | |a Madrid |b McGraw-Hill Interamericana |c 2004 | ||
| 650 | 0 | |a Economía |9 255568 | |
| 650 | 7 | |a COMERCIO INTERNACIONAL |2 CL-VaPUC |9 492793 | |
| 650 | 0 | |a Producción |9 263680 | |
| 650 | 0 | |a Oferta y demanda |9 255571 | |
| 650 | 0 | |a Dinero |9 314331 | |
| 650 | 0 | |a Macroeconomía |9 260301 | |
| 650 | 7 | |a SISTEMAS MONETARIOS |2 CL-VaPUC |9 342366 | |
| 583 | |a last modification |c 20050603 00:00:00 |k Rodrigo Vera | ||
| 999 | |c 313220 |d 313218 | ||
| 952 | |0 0 |1 0 |4 0 |6 330_000000000000000_MAN_2004 |7 0 |8 R |9 384371 |a BIBENE |b BIBENE |d 2019-11-22 |i 4133935 |o 330 MAN 2004 |p 4133935 |r 2025-01-15 |w 2019-11-22 |y BK_R |k ICO | ||
| 952 | |0 0 |1 0 |4 0 |6 330_000000000000000_MAN_2004 |7 0 |8 R |9 384372 |a BIBENE |b BIBENE |d 2019-11-22 |i 4133943 |l 2 |o 330 MAN 2004 |p 4133943 |q 2018-06-18 |r 2020-08-03 |s 2020-08-03 |w 2019-11-22 |y BK_R |k ICO | ||
| 952 | |0 0 |1 0 |4 0 |6 330_000000000000000_MAN_2004 |7 0 |8 R |9 384373 |a BIBENE |b BIBENE |d 2019-11-22 |i 4270991 |o 330 MAN 2004 |p 4270991 |r 2025-01-15 |w 2019-11-22 |y BK_R |k ICO | ||
| 952 | |0 0 |1 0 |4 0 |6 330_000000000000000_MAN_2004 |7 0 |8 R |9 384374 |a BIBGIM |b BIBGIM |d 2019-11-22 |i 4337557 |o 330 MAN 2004 |p 4337557 |r 2025-01-15 |w 2019-11-22 |y BK_R |k EST | ||
| 952 | |0 0 |1 0 |4 0 |6 330_000000000000000_MAN_2004 |7 0 |8 R |9 384375 |a BIBGIM |b BIBGIM |d 2019-11-22 |i 4337565 |o 330 MAN 2004 |p 4337565 |r 2025-01-15 |w 2019-11-22 |y BK_R |k EST | ||
| 952 | |0 0 |1 0 |4 0 |6 330_000000000000000_MAN_2004 |7 0 |8 R |9 384376 |a BIBGIM |b BIBGIM |d 2019-11-22 |i 4337573 |l 1 |o 330 MAN 2004 |p 4337573 |r 2025-01-15 |s 2023-06-07 |w 2019-11-22 |y BK_R |k EST | ||